000 00325 a2200157 4500
001 68116
020 _a9783195117807
040 _cAnchieta - Pituba
100 _aAlberti, Josef
240 1 0 _aDabei! A2.1
_ldeu / ger
245 1 0 _aDabei! A2.1
300 _a79
362 0 _a2020
650 4 _aLíngua alemã
942 _cBK
999 _c68116
_d68116